Gorzów Wielkopolski - quiz wielokrotnego wyboru - Statystyki

Ogólne statystyki
  • Ten quiz został rozwiązany 70 razy
  • Średni wynik to 5 z 10
Statystyki odpowiedzi
Zagadnienie Odpowiedź % Poprawnych
Jak nazywa się klub żużlowy z Gorzowa Wielkopolskiego, który 9-krotnie zdobył mistrza drużynowych mistrzostw Polski? Stal
83%
Jakie ważne wydarzenie miało miejsce w Gorzowie w 1951 roku? Początek produkcji włókien w Stilonie
78%
Jak nazywa się najstarszy zachowany kościół w Gorzowie Wielkopolskim? Katedra Wniebowzięcia NMP
68%
Która z poniższych rzek nie przepływa przez Gorzów Wielkopolski? Odra
66%
W którym wieku Gorzów Wielkopolski otrzymał prawa miejskie? XIII
63%
Które z poniższych zdjęć nie przedstawia miejsca znajdującego się w Gorzowie Wielkopolskim?
54%
Który z poniższych organów wojewódzkich ma swoją główną siedzibę w Gorzowie Wielkopolskim? Wojewody lubuskiego
46%
Jak nazywał się pierwszy prezydent Gorzowa Wielkopolskiego po II wojnie światowej? Piotr Wysocki
24%
Jaka jest najstarsza znana nazwa Gorzowa Wielkopolskiego? Landisberch Nova
14%
Jak nazywa się makroregion geograficzny, w którym położona jest północna część Gorzowa Wielkopolskiego? Pojezierze Południowopomorskie
5%
Nie znaleziono quizów pasujących do podanych kryteriów
Rozkład punktacji
Procent ludzi z każdym wynikiem
Percentyl według liczby udzielonych odpowiedzi
Twoja historia wyników
Nie rozwiązałeś tego quizu